Tallest Buildings in the World - Statistics

General Stats
  • This quiz has been taken 34 times
  • The average score is 6 of 21
Answer Stats
Years Answer Height (ft) % Correct
2010-present Burj Khalifa 2,717
82%
1931-1972 Empire State Building 1,250
79%
1974-1998 Sears Tower (Willis Tower) 1,450
67%
1972-1974 World Trade Center 1 1,368
67%
1998-2003 Petronas Towers 1,483
52%
Unknown-1200s Great Pyramid of Giza 481
48%
2003-2010 Taipei 101 1,671
45%
1930-1931 Chrysler Building 1,050
39%
1880-1890 Cologne Cathedral 516
18%
1890-1901 Ulm Minster 530
12%
1300-1549 Lincoln Cathedral 524
9%
1200s-1300 Old Saint Paul's Cathedral 489
9%
1908-1909 Singer Building 612
9%
1930 Bank of Manhattan Trust Building 928
6%
1647-1874 Strasbourg Cathedral 466
6%
1909-1913 Metropolitan Life Tower 700
3%
1876-1880 Rouen Cathedral 495
3%
1549-1647 St. Mary's Church 495
3%
1913-1930 Woolworth Building 791
3%
1874-1876 Church of Saint Nicholas 482
0%
1901-1908 Philadelphia City Hall 548
0%
No matching quizzes found
Score Distribution
Percent of People with Each Score
Percentile by Number Answered
Your Score History
You have not taken this quiz